01628nam a2200337Ia 4500001001200000003000800012006001900020007001500039008004100054010001700095020001500112040002100127035002100148050002500169110003300194245019800227260005500425300001400480490002600494500011100520500015400631504004100785533015200826650002700978650003201005655002901037710001701066830006401083856012601147999001701273ebr10071353CaPaEBRm u cr cn|||||||||900222s1990 dcu sb 000 0 eng d z 90005702  z0309040388 aCaPaEBRcCaPaEBR a(OCoLC)64543681814aRC565b.I4893 1990eb2 aInstitute of Medicine (U.S.)10aBroadening the base of treatment for alcohol problemsh[electronic resource] :breport of a study by a committee of the Institute of Medicine, Division of Mental Health and Behavioral Medicine. aWashington, D.C. :bNational Academy Press,c1990. ax, 629 p.1 a[Publication ;v4038] a"Committee for the Study of Treatment and Rehabilitation Services for Alcoholism and Alcohol Abuse"--P. v. a"Contract no. ADM-281-87-003 with the National Institute on Alcohol Abuse and Alcoholism of the Department of Health and Human Services"--T.p. verso. aIncludes bibliographical references. aElectronic reproduction.bPalo Alto, Calif. :cebrary,d2009.nAvailable via World Wide Web.nAccess may be limited to ebrary affiliated libraries. 0aAlcoholismxTreatment. 0aAlcoholicsxRehabilitation. 7aElectronic books.2local2 aebrary, Inc. 0aPublication (National Research Council (U.S.)) ;vno. 4038.40uhttp://site.ebrary.com/lib/rucke/Doc?id=10071353zAn electronic book accessible through the World Wide Web; click to view c44022d44022